The Devil and Miss Prym (Record no. 594872)

000 -LEADER
fixed length control field 00289nam a22001217a 4500
040 ## - CATALOGING SOURCE
Transcribing agency NUST
082 ## - DEWEY DECIMAL CLASSIFICATION NUMBER
Classification number 869.342 COE
100 ## - MAIN ENTRY--PERSONAL NAME
Personal name Coelho, Paulo
9 (RLIN) 3636
245 ## - TITLE STATEMENT
Title The Devil and Miss Prym
260 ## - PUBLICATION, DISTRIBUTION, ETC.
Place of publication, distribution, etc. New York:
Name of publisher, distributor, etc. HarperCollins,
Date of publication, distribution, etc. 2000.
650 ## - SUBJECT ADDED ENTRY--TOPICAL TERM
Topical term or geographic name entry element English Fiction
942 ## - ADDED ENTRY ELEMENTS (KOHA)
Source of classification or shelving scheme
Koha item type Book
Holdings
Withdrawn status Lost status Source of classification or shelving scheme Damaged status Not for loan Permanent Location Current Location Shelving location Date acquired Full call number Barcode Date last seen Price effective from Koha item type
          College of Electrical & Mechanical Engineering (CEME) College of Electrical & Mechanical Engineering (CEME) General Stacks 05/30/2023 869.342 COE CEME-46173 05/30/2023 05/30/2023 Book
© 2023 Central Library, National University of Sciences and Technology. All Rights Reserved.